LEADER 00945nam a2200241 i 4500 001 000000203416 003 CaOOAMICUS 005 20151117000000.0 008 151117s1980 it u000 u ita u 013 $a182128 040 $aSeMil$bita 100 1 $aCloulas, Ivan.$0(OLS)http://semarc/name/5262 245 10$aCaterina de' Medici /$cIvan Cloulas. 260 $aFirenze :$bSansoni,$c1980. 300 $a626 p. ;$c21 cm. 490 0 $aBiblioteca storica Sansoni 600 14$aCaterina : de' Medici .$0(OLS)http://semarc/subject/16774 830 0$aBiblioteca storica Sansoni.$0(OLS)http://semarc/title/19707 850 $aSeMil 852 $aSeMil$W1$xVenegono$y1$m3U V 442$j153910$B153910$CSeMilBibl$Z2$F208369 $81 961 $aOmaggio: Istituto San Vincenzo 996 $6245$aCaterina de' Medici$9(OLS)http://semarc/title/141662 996 $6260$aFirenze :$bSansoni$9(OLS)http://semarc/publisher/29843 LEADER 00732nam a2200205 i 4500 001 000000087361 003 CaOOAMICUS 005 20180830150020.0 008 180830s1981 xx u000 u und u 013 $a59601 040 $aSeMil$bita 245 10$aDizionario di spiritualitą dei laici. 260 $aMilano :$bO.R.,$c1981. 300 $a442 p. 650 4$aDizionari.$0(OLS)http://semarc/subject/7843 650 4$aLaicitą - Studi.$0(OLS)http://semarc/subject/13731 850 $aSeMil 852 $aSeMil$W1$xVenegono$y1$m98 1 /a *$j50882$B50882$CSeMilBibl$Z2$F54960 $81 996 $6245$aDizionario di spiritualitą dei laici$9(OLS)http://semarc/title/133471 996 $6260$aMilano :$bO.R.$9(OLS)http://semarc/publisher/29789